Juegos para educación física: desarrollo de destrezas básicas

Na minha lista:
Detalhes bibliográficos
Autor principal: Castro Mangas, Adela de (Author)
Formato: Livro
Idioma:espanhol
Publicado em: Ciudad de México Alfaomega Grupo Editor 2013
Edição:1a. ed
Assuntos:
Tags: Adicionar Tag
Sem tags, seja o primeiro a adicionar uma tag!

MARC

LEADER 00000cam a2200000 a 4500
001 UCE3585
003 CL-VaPUC
008 140911e20130000mx |||||||||||||||||spa|d
020 |a 9786077075271 
082 0 4 |a 372.86  |b CAS  |2 21 
100 0 |a Castro Mangas, Adela de  |e author  |9 576043 
245 1 0 |a Juegos para educación física: desarrollo de destrezas básicas 
250 |a 1a. ed 
300 |a 143 p 
942 |c BK 
945 |d 20140911 14:25:00  |a arojas 
260 |a Ciudad de México  |b Alfaomega Grupo Editor  |c 2013 
650 0 |a Educación física  |9 240893 
650 0 |a Niños  |9 255605 
650 0 |a Juegos educativos  |9 307366 
650 0 |a Desarrollo motor   |9 313002 
650 0 |a Educación básica   |9 224933 
583 |a last modification  |c 20170913 12:23:22  |k Rodrigo Vera 
999 |c 356797  |d 356795